000 00504nam a2200205Ia 4500
003 0100
008 130303s9999 xx 000 0 und d
040 _cARRUPELIB
050 _aDT31.Z31966
100 _aZartman, T. William
245 _aInternational relations in the new Africa
260 _aEnglewood Cliffs
260 _bPrentice-Hall
260 _C1966
300 _axi
300 _b 175 p. ill. map. 21 cm
440 _aA Spectrum book
700 _aT. William Zartman
942 0 0 _01
999 _c38402
_d38402